000 00818nam a2200289Ia 4500
005 20260324144725.0
008 008 260324s9999 xx 000 0 eng d
020 _a9780429445330
037 _aEBOOK
040 _aCRL
040 _beng
040 _cCRL
041 _2eng
041 _aeng
084 _qCRL
100 _aMahdi Adamu; A. H. M. Kirk-Greene
_91220377
245 0 _aPastoralists of the West African Savanna
245 0 _bSelected Studies Presented and Discussed at the Fifteenth International African Seminar held at Ahmadu Bello University, Nigeria, July 1979
260 _bTaylor and Francis
260 _c1986
365 _a
365 _b205
856 _uhttp://www.taylorfrancis.com/books/9780429445330
942 _cEBOOK
999 _c1827346
_d1827346